| 000 | 00502nam a2200205Ia 4500 | ||
|---|---|---|---|
| 003 | STCL | ||
| 008 | 230729s9999 xx 000 0 und d | ||
| 020 | _a9788123930921 | ||
| 040 |
_aSTCL _cSTCL _bEN |
||
| 082 | _222 | ||
| 100 | _aMaheshwari, S N | ||
| 245 | 0 | _aAdvanced accountancy volume II | |
| 246 | _aAdvanced accountancy Vol 2 | ||
| 250 | _a10 | ||
| 260 |
_bVikas Publishing House _aNoida _c2012 |
||
| 365 | _b610 | ||
| 546 | _aEnglish | ||
| 700 | _aMaheshwari, S K | ||
| 942 |
_2DDC _e22 _cBK |
||
| 999 |
_c90019 _d90019 |
||